[Event "WchT 4th"]
[Site "Luzern"]
[Date "1997.11.01"]
[Round "8.2"]
[White "Kazhgaleyev, Murtas"]
[Black "Kozul, Zdenko"]
[Result "1-0"]
[WhiteElo "2500"]
[BlackElo "2605"]
[Annotator "Yakovich,Y"]
[PlyCount "129"]
[EventDate "1997.10.25"]
[EventType "team-tourn"]
[EventRounds "9"]
[EventCountry "SUI"]
[SourceTitle "CBM 062"]
[Source "ChessBase"]
[SourceDate "1998.01.31"]
[SourceVersion "1"]
[SourceVersionDate "1998.01.31"]
[SourceQuality "1"]
[WhiteTeam "Kazakhstan"]
[BlackTeam "Croatia"]
[WhiteTeamCountry "KAZ"]
[BlackTeamCountry "CRO"]

1. e4 c5 2. Nf3 Nc6 3. Bb5 g6 4. O-O Bg7 5. c3 Nf6 6. Re1 O-O 7. h3 e5 8. d4
cxd4 9. cxd4 Nxd4 $6 (9... exd4 {is better.} 10. e5 (10. Nxd4 Qb6 (10... Re8
11. Nxc6 dxc6 12. Qxd8 Rxd8 13. Bf1 Be6 14. Nc3 Nd7 15. Bg5 f6 16. Bf4 Ne5 17.
Rad1 Kf7 18. b3 Ke8 19. Be3 Bf8 20. Rxd8+ Rxd8 21. Bxa7 Bb4 22. Rc1 Rd2 23. Be3
Bxc3 24. Rxc3 Rxa2 25. f4 Nd7 26. Bd3 Ra3 27. Bc2 c5 28. Bxc5 Nxc5 29. Rxc5
Bxb3 30. Bxb3 Rxb3 31. Rc7 Re3 32. Rxh7 Rxe4 33. f5 g5 34. Rxb7 Re5 35. g4 Re2
{1/2-1/2 Privara,I-Neckar,L/CSR-ch 1976/MCD-ch}) 11. Nxc6 dxc6 12. Bc4 Re8 13.
Nc3 Be6 14. Bf1 Rad8 15. Qc2 a6 16. Be3 Qa5 17. a3 c5 18. Red1 c4 19. Rxd8 Qxd8
20. Rd1 Qc8 21. Nd5 b5 22. Bg5 Bxd5 23. exd5 Qd7 24. b3 Ne4 25. Be3 Nc3 26.
bxc4 Nxd1 27. Qxd1 bxc4 28. Bxc4 Qd6 29. Qa4 Rb8 30. g3 Be5 31. Kg2 Rc8 32. Bb3
h5 33. h4 Kg7 34. Qe4 Rc3 35. Ba4 Rxa3 36. Bc6 Ra2 37. Qc4 Rb2 38. Bc5 Qf6 39.
Qd3 Qf5 40. Qe3 Bf6 41. d6 Rc2 42. Be4 Qxc5 43. Bxc2 {0-1 Fusthy,Z-Klundt,K/
Berlin op 1988/TD 88\08}) 10... Nd5 11. Bg5 (11. Qb3 a6 12. Qxd5 axb5 13. Bf4
Qa5 14. Nbd2 Nb4 15. Qb3 Qa4 16. Nxd4 Nc6 17. Nxc6 dxc6 18. Qe3 Qa7 19. Qxa7
Rxa7 20. Ne4 Be6 21. a3 Ra4 22. Bg3 Rd4 23. Rad1 Rfd8 24. Nd6 Rxd1 25. Rxd1 Rd7
26. Re1 Kf8 27. Bf4 h6 28. Bd2 Kg8 29. Bc3 Bf8 30. Kh2 g5 31. g3 Kh7 32. f4
Bxd6 33. exd6 Rxd6 34. fxg5 hxg5 35. Kg2 Kg6 {Gubanov,A-Kruppa,Y/RUS-Cup1
Chigorin mem 1996/EXP 56/0-1 (53)}) 11... Qc7 (11... Qa5 12. Na3 a6 13. Bc4 Nb6
14. Bb3 Nxe5 15. Nxe5 Bxe5 16. Bh6 d6 17. Bd2 Qc5 18. Rc1 Qxc1 19. Bxc1 Bd7 20.
Bh6 Rfe8 21. Qf3 {1-0 Anand,V-Salov,V/Paris Immopar rapid 1991/EXP 26}) 12. Qb3
(12. Bxc6 dxc6 13. Qxd4 h6 14. Bh4 g5 15. Bg3 Ne7 16. Bh2 Rd8 17. Qe3 Nf5 18.
Qe2 Nd4 19. Nxd4 Rxd4 20. e6 Qe7 21. exf7+ Qxf7 22. Be5 Bxe5 23. Qxe5 Rd5 24.
Qe3 Bf5 25. Nc3 Rd3 26. Qc5 Be6 27. Re5 Rf8 28. Qxa7 Bxh3 29. Rae1 Bxg2 30. Re7
Qh5 31. Kxg2 Qg4+ 32. Kf1 Rg3 {0-1 Zolnierowicz,K-Dokhoian,Y/Lublin 1993/EXP 37
}) 12... Nb6 13. Nbd2 (13. Bf4 a6 14. Bf1 Na5 15. Qd1 Nd5 16. Bg3 Qb6 17. Qxd4
Qxd4 18. Nxd4 Nc6 19. Nxc6 dxc6 20. Nd2 f5 21. exf6 Bxf6 22. Be5 Bf5 23. Nb3
Rae8 24. Bxf6 Nxf6 25. Bc4+ Kh8 26. Nc5 Bc8 27. b4 b6 28. Nb3 b5 29. Bf1 Be6
30. Nc5 Bd5 31. Rxe8 Rxe8 32. a4 bxa4 33. Bxa6 Ne4 34. Nxa4 Rb8 35. Rb1 Nd2 36.
Rb2 Nb3 37. Nc3 Rxb4 38. Nxd5 cxd5 39. Bc8 Rb6 40. Bg4 Rb7 41. Bc8 Rb6 42. Bg4
Rb7 43. Rb1 Nc5 44. Rd1 Ne4 45. Rxd5 Rb1+ 46. Kh2 Nxf2 47. Rd8+ Kg7 48. Rd7+
Kh6 49. Bf3 Rb3 50. h4 Rd3 51. Rf7 Rd4 52. Be2 Ng4+ 53. Kh3 Ne5 54. Re7 Nd3 55.
Bxd3 Rxd3+ 56. g3 {1/2-1/2 Tkachiev,V-Mortensen,E/Moscow olm 1994/EXP 44})
13... d5 14. exd6 Qxd6 15. Ne4 Qd5 16. Bxc6 Qxc6 17. Be7 Be6 18. Qd1 Rfe8 19.
Nxd4 Qa4 20. Nxe6 Qxd1 21. Raxd1 Rxe7 22. Nxg7 Kxg7 23. Nd6 Rxe1+ 24. Rxe1 Rd8
25. Nxb7 Rd2 {1/2-1/2 Meier,V-Mednis,E/Wichern op 1997/EXT 97}) 10. Nxd4 exd4
11. Qxd4 $1 $16 {This move is better than} (11. e5 Ne8 (11... Nd5 12. Bc4 Nb6
13. Qxd4 (13. Bb3 d6 14. f4 dxe5 15. fxe5 Be6 16. Nd2 Bxb3 17. axb3 Qd5 18. Nf3
Rfe8 19. Qxd4 Qxd4+ 20. Nxd4 Bxe5 21. Nf3 Bd4+ 22. Kf1 Rxe1+ 23. Kxe1 Bf6 24.
Be3 Bxb2 25. Ra2 Bc3+ 26. Kf2 Nc8 27. Rc2 Bf6 28. Rd2 b5 29. Rd7 a5 30. Bg5 Kg7
(30... Kg7 31. Bxf6+ Kxf6 32. Nd4 a4 33. b4 a3 34. Nc2 a2 35. Na1 Ke6 36. Rc7
Nd6 37. Ke2 Ra4 38. Rc2 Rxb4 39. Rxa2 Ra4 40. Rxa4 bxa4 41. Kd3 Ke5 {0-1 Seils,
J-Kalinitschew,S/BL2-N 1995/BL2}) 31. Bxf6+ Kxf6 32. Nd4 a4 33. b4 a3 34. Nc2
a2 35. Na1 Ke6 36. Rc7 Nd6 37. Ke2 Ra4 38. Rc2 Rxb4 39. Rxa2 Ra4 40. Rxa4 bxa4
41. Kd3 Ke5 {0-1 Seils,J-Kalinitschew,S/BL2-N 1995/BL2}) 13... d6 14. Bb3 dxe5
15. Qxd8 Rxd8 16. Bg5 Re8 17. Nc3 h6 18. Be3 Bd7 19. a4 Be6 20. Bxe6 Rxe6 21.
Nb5 Rc6 22. Red1 a6 23. Nd6 Rb8 24. a5 Nc8 25. Ne8 Ne7 26. Nxg7 Kxg7 27. Rd7 {
1/2-1/2 Kyhle,B-Schneider,L/Rilton Cup 1987/TD 87\05}) 12. Qxd4 d6 13. Na3 (13.
Nc3 Bf5 14. Bf4 dxe5 15. Qxd8 Rxd8 16. Bxe5 Nd6 17. Bf1 Rfe8 18. Bxg7 Kxg7 19.
Rad1 Rxe1 20. Rxe1 Be6 21. Rd1 Rd7 22. f3 h5 23. Kf2 h4 24. Rd4 Nf5 25. Rxd7
Bxd7 26. Bd3 Kf6 27. Be4 Nd6 28. Bd3 Ke5 29. Ne4 Nxe4+ 30. Bxe4 Bc8 31. Ke3 g5
32. Bd3 Be6 33. a3 Bd5 34. Bf1 f6 35. Bd3 b6 36. Be2 f5 37. Bf1 Bc6 {Houtsonen,
P-Binham,T/FIN-chT 9596 1996/EXT 97/0-1 (48)}) 13... Bf5 14. Bf4 dxe5 15. Qxd8
Rxd8 16. Bxe5 Bxe5 17. Rxe5 Nc7 18. Re7 Nxb5 19. Nxb5 Rd2 20. Rxb7 Rxb2 21. Rc1
Rd8 22. Nd6 Rxb7 23. Nxb7 Rd4 24. Nc5 h5 25. Rc3 Rd1+ 26. Kh2 Rd2 27. Ra3 Rc2
28. Ra5 Rxf2 29. Rxa7 Rc2 30. Ra5 h4 31. a4 Kf8 32. Rb5 Ke7 33. a5 Kd6 34. Nb7+
Kc7 35. a6 Ra2 36. Ra5 Rxa5 37. Nxa5 Kb6 38. Nc4+ Kxa6 39. g3 {1/2-1/2 Kim,
V-Makarichev,S/URS-ch sf 1978/MCD-ch}) 11... a6 (11... Re8 12. e5 a6 13. Bg5 h6
14. Bxf6 Bxf6 15. Nc3 Bg7 16. Bc4 d6 17. Qxd6 Qg5 18. Ne4 Qf4 19. e6 Qxd6 20.
exf7+ {1-0 Stelting,T-Danschczyk,C/BL2-N 1991/BL2}) 12. Ba4 Re8 13. e5 b5 14.
Bb3 d6 (14... Qe7 15. Bd2 Nh5 16. g4 Bxe5 17. Qd5 $18) 15. Rd1 Nh5 16. Qxd6 Bb7
17. e6 (17. Qd7 $5 Qxd7 (17... Qe7 $2 18. Bg5) 18. Rxd7 Rxe5 19. Bd2 $16) 17...
fxe6 18. Nc3 Qxd6 19. Rxd6 Kf7 20. Bg5 Bf6 21. Bxf6 Nxf6 22. Re1 Bc8 23. Ne2
Ke7 24. Rb6 Nd5 25. Bxd5 exd5 26. Nf4+ Kf7 27. Rxe8 Kxe8 28. Nxd5 Kf7 (28...
Ra7 29. Rb8 Kd7 30. Nb6+ Kc7 31. Nxc8 $18) 29. Rf6+ Kg7 30. Rc6 Bf5 31. Rc7+
Kh8 32. a3 $2 (32. f4 $1 Z0 33. Nf6 $140 $18) 32... Rd8 33. Ne3 Be4 34. Re7 Bd3
35. f4 (35. Kh2) 35... Rd4 36. g3 h5 37. Kf2 b4 38. Ng2 Bf5 39. Nh4 Bc2 40. Nf3
bxa3 41. bxa3 Ra4 42. Re3 Rc4 43. Re6 Ra4 44. Re3 Rc4 45. Ne5 Rc7 46. Re1 Rb7
47. Rc1 Rb2 48. Ke3 Ra2 49. Kd4 Kg7 50. g4 hxg4 51. hxg4 a5 52. g5 Kf8 53. Kc5
Bf5 54. Rc3 Rf2 55. Rc4 Bc2 56. a4 Bb1 57. Kb6 Ke7 58. Kxa5 Ke6 59. Rc6+ Kd5
60. Rf6 Ra2 61. Kb4 Bf5 62. Nxg6 Bd7 63. Ne7+ Ke4 64. g6 Rxa4+ 65. Kb3 1-0

[Event "RUS-Cup final"]
[Site "Samara"]
[Date "1998.09.05"]
[Round "7"]
[White "Morozevich, Alexander"]
[Black "Yakovich, Yuri"]
[Result "1-0"]
[WhiteElo "2625"]
[BlackElo "2560"]
[Annotator "Yakovich,Y"]
[PlyCount "85"]
[EventDate "1998.08.??"]
[EventType "tourn"]
[EventRounds "11"]
[EventCountry "RUS"]
[SourceTitle "CBM 067"]
[Source "ChessBase"]
[SourceDate "1998.11.30"]
[SourceVersion "2"]
[SourceVersionDate "1998.11.01"]
[SourceQuality "1"]

1. e4 {Hecht} c5 2. Nf3 Nc6 3. Bb5 g6 4. O-O Bg7 5. Nc3 d6 6. e5 $5 {White
sacrifice pawn to damage black's pawn structure and to advantage in
development but black have sufficient contrchances} dxe5 7. Bxc6+ bxc6 8. Re1
f6 9. b3 Nh6 10. Ba3 (10. Ne4 $2 f5 11. Nxc5 e4) (10. Na4 $2 e4 11. Rxe4 f5 12.
Re5 Nf7 13. Bb2 Nxe5 14. Nxe5 Qd5 15. c4 Qd6) 10... Qa5 $1 11. Na4 c4 12. d4
cxd3 13. cxd3 Bg4 14. d4 (14. h3 Bxf3 15. Qxf3 Qd5) 14... Qd5 (14... Rd8 $6 15.
h3 Bxf3 (15... Rxd4 16. Qxd4 exd4 17. Rxe7+ Kd8 18. hxg4 (18. Nxd4 $2 Qd5 $15)
18... Bf8 19. Nxd4 $16) 16. Qxf3 Qd5 (16... Rxd4 17. Qxc6+ Kf7 18. Bc5 Rd2 19.
b4 Qd8 20. Bxa7 $16) 17. Qe2 $1 (17. dxe5 Qxf3 18. gxf3 fxe5 $15) 17... Qxd4 (
17... Nf7 18. dxe5 Nxe5 19. f4 Qd4+ 20. Qe3 Qxe3+ 21. Rxe3 Bh6 22. Re4 $18) 18.
Rad1 $16) (14... Nf5 $1 15. dxe5 Rd8 16. Qe2 (16. Qc1 Bxf3 17. gxf3 Qd5 $17) (
16. Qc2 Bxf3 17. gxf3 Nd4 $17) 16... Nd4 (16... fxe5 17. Qe4 Bxf3 18. Qxf3 Qd5
$15) 17. Qe3 (17. Qe4 Bxf3 18. gxf3 f5 $17) 17... Nc2 (17... Bxf3 $2 18. exf6
Bxf6 19. Bxe7) 18. Qe4 Nxe1 $1 $17 19. Rxe1 Bxf3 20. gxf3 (20. Qxf3 $4 Qxe1#)
20... Qd5 $19) 15. Nc3 $8 (15. dxe5 Bxf3 16. Qxf3 (16. gxf3 fxe5) 16... Qxf3
17. gxf3 fxe5 18. Rac1 Nf5 19. Rxc6 Nd4 20. Rc7 Nxf3+ 21. Kf1 O-O $17) 15...
Bxf3 $4 (15... Qa5 {Black can repeat position and than choose write move.} 16.
Na4 (16. h3 Qxa3 17. hxg4 Nxg4 $17) 16... Nf5 $17) 16. Qd3 $1 (16. Nxd5 $4 Bxd1
17. Nc7+ Kd7 18. Nxa8 Bg4 19. dxe5 Rxa8 20. h3 Be6) 16... Qe6 (16... Qa5 17.
Qxf3 Qxa3 18. Qxc6+ Kf7 19. Nb5 $1 {I blanded thi move when I played 15...B f3}
(19. Qd5+ $4 e6 20. Qb7+ Qe7 $19) 19... Rhc8 (19... Qb4 20. Qd5+ e6 21. Qb7+
Qe7 22. Nd6+ $18) 20. Qxc8 $16) (16... Bxg2 $5 17. Nxd5 Bxd5 18. dxe5 fxe5) 17.
Qxf3 (17. dxe5 Qg4 $1 $17) 17... O-O 18. Rad1 $1 (18. d5 $2 cxd5 19. Nxd5 e4 $1
$15) 18... Nf5 $2 (18... Rad8 $1 19. dxe5 fxe5 $11) 19. dxe5 fxe5 20. Qe4 $14
Rad8 21. Bc5 Rd7 $1 22. h3 Rfd8 23. Rxd7 (23. Bxa7 $2 Rxd1 24. Nxd1 (24. Rxd1
Rxd1+ 25. Nxd1 Qd7 $19) 24... Ra8) 23... Qxd7 24. Qc4+ Kh8 25. Qa6 Qc7 $4 $138
(25... Ra8 $14 {[%csl Ra7,Rc6,Re5,Re7]}) 26. Qxa7 Qxa7 27. Bxa7 e4 (27... Ra8
28. Bc5 e4 29. Na4 $16) 28. Nxe4 Ra8 29. Rd1 Rxa7 (29... Nd6 30. Nxd6 exd6 31.
Rxd6) 30. Rd8+ Bf8 31. Rxf8+ Kg7 32. Rc8 {Hecht: '[#] Realisierung des
Mehrbauern bei geschwächter schwarzer Bauernstellung. Taktik: Bauernhebel,
Springergabel, Doppeldrohung'} Nd4 $2 (32... Rxa2 33. Rxc6 Rb2 (33... Nd4 {
Hecht} 34. Rb6 (34. Rc3 $4 Ne2+) 34... Rb2 35. Nc5 $16 {Allerdings hat Weiß
Probleme, da sein König nur schwer zu aktivieren ist.}) 34. Rb6 $16) 33. Nc3
Ra5 34. Rd8 Nb5 {'?!' Hecht.} (34... e5 $5 {Hecht mit der Idee Tc5} 35. f4 Rc5
36. Ne4 (36. fxe5 Nxb3) 36... Rc1+ 37. Kh2 Rd1 $13 {[%cal Re5f4,Rd4f3]}) 35.
Na4 Kf6 36. Rd2 e5 37. Nb6 Nd4 {'?' Hecht.} (37... Kf5 $5 {[%csl Gf4] Hecht})
38. f4 {'+-!' Hecht.} Ke6 39. fxe5 Rb5 40. Nc4 Nf5 41. g4 Nh6 42. Rd6+ Ke7 43.
Rxc6 1-0

[Event "RUS-Cup01 Chigorin Memorial"]
[Site "St Petersburg"]
[Date "1997.11.05"]
[Round "5"]
[White "Zaitsev, Igor A"]
[Black "Lopushnoy, Denis"]
[Result "1/2-1/2"]
[WhiteElo "2475"]
[BlackElo "2385"]
[Annotator "Yakovich,Y"]
[PlyCount "68"]
[EventDate "1997.11.01"]
[EventType "swiss"]
[EventRounds "9"]
[EventCountry "RUS"]
[SourceTitle "CBM 062"]
[Source "ChessBase"]
[SourceDate "1998.01.31"]
[SourceVersion "1"]
[SourceVersionDate "1998.01.31"]
[SourceQuality "1"]

1. e4 c5 2. Nf3 Nc6 3. Bb5 g6 4. O-O Bg7 5. c3 Nf6 6. e5 Nd5 7. d4 cxd4 8. cxd4
O-O 9. Nc3 Nc7 (9... Nxc3 10. bxc3 d6 $10) 10. Bg5 (10. Ba4 d6 $11) (10. Bf4
Nxb5 11. Nxb5 a6 12. Nc3 d6 $10) (10. Ba4 $5) 10... Nxb5 (10... h6 $5 11. Bh4
g5 (11... d6 12. Bxc6 bxc6 13. exd6 Qxd6 14. Ne5 $14) 12. Bg3 Nxb5 13. Nxb5 a6
14. Nc3 d6 15. d5 Nxe5 16. Nxe5 dxe5 17. Re1 f6 18. Qb3 Kh8 19. Rad1 b5 20. f3
Qc7 21. Rc1 f5 22. Ne4 Qb6+ 23. Nc5 Qd6 24. Bf2 Rd8 25. Rcd1 {Adams,M-Illescas
Cordoba,M/Madrid 1996/CBM 53/[Bologan]/0-1 (42)}) 11. Nxb5 Qb6 $146 (11... a6 {
is more interesting} 12. Nd6 h6 13. Bh4 g5 (13... Qb6 14. Nc4 Qb4 15. Rc1 $16)
14. Bxg5 hxg5 15. Nxg5 f6 (15... exd6 $2 16. Qh5 Re8 17. Qxf7+ Kh8 18. Qh5+ Kg8
19. f4 Nxd4 20. f5 $1 Rxe5 21. Qh7+ Kf8 22. f6 $18) 16. exf6 Rxf6 17. Nde4 $5 (
17. Qb3+ e6 18. d5 Nd4 $1 (18... Ne7 $2 19. dxe6 dxe6 20. Rad1 $16) 19. Qd3 Rf4
20. Qh7+ Kf8 21. Qg6 Qe7 22. Nc4 Rh4 (22... exd5 $2 23. Nb6 $18) 23. d6 Qf6 24.
Nh7+ Rxh7 25. Qxh7 b5 26. Qe4 $6 (26. Nb6 Rb8 27. Nxc8 Rxc8 28. Qe4 Rc6 29.
Rac1 Rxd6 30. Rfd1 $13) 26... Rb8 27. Na5 Qf5 28. Qe3 b4 29. Rad1 Ne2+ (29...
Qxa5 30. Rxd4 Bxd4 31. Qxd4 $44) 30. Qxe2 Qxa5 31. Qc2 Qb6 32. Qh7 Bb7 33. Rd3
Rc8 34. Qh4 Kg8 35. Qg4 Rf8 36. h4 Rf7 37. h5 Kf8 38. Qg6 Rf6 39. Qg5 Qb5 40.
Qxb5 axb5 41. Rc1 Rf4 42. Rc7 Bd5 43. Rc8+ Kf7 44. Rc7 Ke8 45. Rc8+ Kf7 46. Rc7
{1/2-1/2 Smirin,I-Vyzmanavin,A/Groningen PCA 1993/CBM 39/[Horvath,Ta]}) 17...
Rh6 18. d5 Nd4 19. d6 e6 20. Qg4 b6 21. Rad1 Nf5 22. Ng3 Bb7 23. Nxf5 exf5 24.
Qc4+ Re6 25. Nxe6 dxe6 26. Qxe6+ Kf8 27. Qxf5+ Qf6 28. Qg4 Rd8 29. Rfe1 Bc8 30.
d7 Bb7 31. Re8+ Kf7 32. Qh5+ {1-0 Bielczyk,J-Muningis,P/Katowice op 1995/EXP 47
}) 12. a4 a6 13. Nc3 d6 (13... Qxb2 $2 14. Nd5 f6 15. Re1 $1 fxg5 16. Re2 $16)
14. a5 Qd8 15. exd6 Qxd6 16. d5 Ne5 (16... Nb4 17. Re1 $36) 17. Ne4 (17. Nxe5
Bxe5 $13) 17... Nxf3+ 18. Qxf3 Qe5 19. Rfe1 f6 (19... Qxb2 20. Bxe7 $16) 20.
Bf4 Qxb2 21. Nc5 (21. d6 $2 e5 $17) 21... Bf5 22. g4 Bc2 $2 (22... Qb5 $1 23.
gxf5 (23. Rac1 Rfc8 24. gxf5 Rxc5) 23... Qxc5 24. Qb3 Kh8 25. fxg6 hxg6 26.
Qh3+ Kg8 27. Qb3 $11) 23. Rac1 Rac8 24. Be3 $2 (24. Ne6 $1 Rfe8 (24... Rc3 25.
Qe2 Re8 26. Nc7 $16) (24... Rf7 25. Qe2 Qc3 (25... Qb4 26. Red1 Rc4 (26... Qa4
27. Rd2 $18) 27. Rxc2 $16) 26. Bc7 Rxc7 27. Nxc7 Qxc7 28. Qxc2 $16) 25. Nc7
Red8 26. Qe2 Qb4 27. Bg3 Bb3 28. Nxa6 bxa6 29. Qe6+) 24... f5 25. Qe2 Be4 26.
Nxe4 Qxe2 27. Rxe2 Rxc1+ (27... fxe4 28. Rb1 Rc7 29. Bb6 $11) 28. Bxc1 fxe4 29.
Rxe4 Rd8 30. Rxe7 Rxd5 31. Be3 Rxa5 32. Rxb7 Ra4 33. h3 Be5 34. Kg2 Bd4 1/2-1/2

[Event "Belfort"]
[Site "Belfort"]
[Date "1997.??.??"]
[Round "5"]
[White "Rozentalis, Eduardas"]
[Black "Degraeve, Jean Marc"]
[Result "0-1"]
[WhiteElo "2645"]
[BlackElo "2540"]
[Annotator "Yakovich,Y"]
[PlyCount "120"]
[EventDate "1997.10.??"]
[EventType "tourn"]
[EventRounds "10"]
[EventCountry "FRA"]
[EventCategory "13"]
[SourceTitle "CBM 062"]
[Source "ChessBase"]
[SourceDate "1998.01.31"]
[SourceVersion "1"]
[SourceVersionDate "1998.01.31"]
[SourceQuality "1"]

1. e4 c5 2. Nf3 Nc6 3. Bb5 g6 4. O-O Bg7 5. c3 Nf6 6. Re1 O-O 7. d4 d5 $1 {
It's important moment. After 7...cd 8.cd d5 9.e5 Ne4 white will have point c3
for their knight. And 10.Nc3 lead to a small advantage for white.} 8. e5 (8.
exd5 Qxd5 $1 {Vedder-Yakovich/Leeuwarden op/1992/23/0-1/ (17)}) 8... Ne4 9.
Bxc6 (9. h3 Qb6 10. Ba4 (10. Bxc6 Qxc6 11. Bf4 b6 $15) 10... Bf5 (10... Be6 $5
{/\ f6}) 11. Na3 (11. Re2 $142 $10 {/\ Be3, Nbd2}) 11... cxd4 12. cxd4 f6 $1
13. Bb3 Rad8 (13... e6 14. Be3 $1 $13) 14. exf6 (14. g4 $2 Be6 15. Rxe4 dxe4
16. Bxe6+ Kh8 $17) 14... exf6 $15 {Rozentalis,E-Kramnik,V/BL9394 1994/CBM 43})
(9. Nbd2 cxd4 10. cxd4 Qb6 11. Bxc6 Qxc6 12. Nxe4 dxe4 13. Ng5 Rd8 $15 {
Polgar,J-Kramnik,V/Monaco blind/1994/0-1/40/ ;EXP 40}) 9... bxc6 10. Nbd2 Nxd2
(10... cxd4 11. cxd4 c5 $13) 11. Nxd2 cxd4 12. cxd4 c5 13. dxc5 (13. Nb3 c4 (
13... cxd4 14. Nxd4 $13) 14. Nc5 Bf5 15. b3 Rc8 16. Bf4 Qa5 17. g4 Be6 18. Bg5
Rxc5 19. dxc5 Qxc5 20. bxc4 dxc4 21. Qe2 c3 22. Rac1 Rc8 23. Qe3 Qb4 24. h3 c2
25. Qxa7 Bf8 26. Re2 Bxg4 27. hxg4 Qxg4+ {Baumegger,S-Meszaros,A/Zalaegerszeg
1993/EXT 93/0-1 (58)}) 13... Qc7 14. Nf3 Qxc5 15. Nd4 Bd7 16. b3 Rfc8 17. Bb2
Qa5 18. Qe2 Rc7 19. a4 Qb6 20. Rad1 Rac8 21. Ba3 Be8 22. Qd2 Qb7 23. Bb4 Rb8
24. Bc3 Rbc8 25. Ba5 Rc5 26. Bb4 $11 R5c7 27. f4 $6 Bd7 28. Re3 (28. Bxe7 $2
Bg4) 28... Bg4 $1 29. Rf1 Bf5 $1 30. Ba5 Rc5 31. Bc3 (31. Bb4 $11) 31... Be4
32. Rg3 Qc7 33. Nb5 Qb7 34. h4 $6 a6 35. Nd4 Qc7 36. Bb2 Qb6 37. Qf2 e6 38. h5
R5c7 39. hxg6 fxg6 40. Kh2 Kf7 $6 (40... Bf8 $5 41. a5 $2 Qxa5 42. Nxe6 Rc2 43.
Qd4 Qa2 $19) 41. Qe3 Bf8 42. Rf2 Bc5 43. a5 Qb4 (43... Qxa5 $2 44. f5 Bxf5 45.
Qh6 Bxd4 46. Rxf5+ $18) 44. f5 Bxf5 45. Qh6 Bxd4 46. Rxf5+ exf5 47. Qxh7+ Ke8
48. Qxg6+ (48. Qg8+ Kd7 49. Qxd5+ Ke7 50. Rxg6 $2 (50. Bxd4 Rd8 $19) 50... Rh8+
51. Kg3 Qe1+ $19) 48... Kd7 49. Qf7+ $2 (49. Rh3 $1 Bc5 (49... Bxb2 50. Rh7+
Qe7 51. Qxf5+ (51. Qd6+ $11) 51... Kc6 52. Rxe7 Rh8+ 53. Kg3 Rxe7 54. Qc2+ $16)
(49... Rf8 $2 50. Bxd4 Qxd4 51. Qd6+ $18) (49... Re8 $2 50. Bxd4 Qxd4 51. Rh7+
$18) 50. Rh7+ Be7 51. Qxf5+ Ke8 (51... Kc6 52. Rh6+ Kb7 53. Rb6+ $14) 52. Qf7+
Kd7 53. Qxd5+ Ke8 $11) 49... Kc6 50. Rg6+ Kb7 51. Qxd5+ Kb8 52. Bxd4 Rh7+ 53.
Kg3 Qe1+ 54. Kf4 (54. Kf3 Qd1+ 55. Kf4 (55. Kg3 Rc3+ 56. Kf4 Rh4+ 57. Kxf5 Qd3+
58. Kf6 Rf4+ $19) 55... Qd2+) 54... Qd2+ 55. Kxf5 (55. Kg3 Rc3+ $19) 55... Rf8+
56. Ke6 (56. Rf6 Rxf6+ 57. Kxf6 (57. exf6 Rh5+ $19) 57... Qf4+ 58. Kg6 Rh6+ 59.
Kg7 Qg5+ 60. Kf8 Rh8+ $19) 56... Re8+ 57. Kf5 Qd3+ 58. Kg5 Qg3+ 59. Kf5 Rh5+
60. Kf6 Qf4+ 0-1